|
|
|
|
| LEADER |
00905nam a22002417a 4500 |
| 001 |
AAL474 |
| 003 |
BD-DhAAL |
| 005 |
20241111101946.0 |
| 008 |
160426m19951993ii ||||| b||| 001 0 eng d |
| 020 |
|
|
|a 0074622323
|
| 040 |
|
|
|a BD-DhAAL
|c BD-DhAAL
|
| 082 |
|
|
|a 658.3/14
|
| 100 |
|
|
|a Mahesh, V. S.
|9 19296
|
| 245 |
|
|
|a Thresholds of motivation :
|b the corporation as a nursery for human growth /
|c V S Mahesh.
|
| 260 |
|
|
|a New Delhi :
|b Tata Mcgraw-Hill Pub.,
|c ©1993.
|
| 300 |
|
|
|a Xxii, 293 pages :
|b illustrations ;
|c 24 cm.
|
| 541 |
|
|
|e 302000474
|
| 650 |
|
|
|a Employee motivation.
|9 19297
|
| 650 |
|
|
|a Employee motivation
|x Case studies
|z India.
|9 19298
|
| 852 |
|
|
|a Savar Campus Library
|c General Shelf
|
| 942 |
|
|
|2 ddc
|c BK
|
| 999 |
|
|
|c 37492
|d 37492
|
| 952 |
|
|
|0 0
|1 0
|2 ddc
|4 0
|6 658_300000000000000_14_MAH
|7 0
|9 58867
|a SCL
|b SCL
|c GEN
|d 2016-04-26
|l 1
|m 8
|o 658.314 MAH
|p 3020000474
|r 2018-11-24
|s 2018-09-23
|t 1
|w 2016-04-26
|y BK
|